logo

Bir Sreshtho Munshi Abdur Rouf Library
Jhenaidah Cadet College

Asia Reader's Digest / (Record no. 11533)

MARC details
000 -LEADER
fixed length control field 00511nas a2200193 a 4500
005 - DATE AND TIME OF LATEST TRANSACTION
control field 20200126134018.0
008 - FIXED-LENGTH DATA ELEMENTS--GENERAL INFORMATION
fixed length control field 191205b xxu||||| |||| 00| 0 eng d
022 ## - INTERNATIONAL STANDARD SERIAL NUMBER
International Standard Serial Number 0034-0383
040 ## - CATALOGING SOURCE
Transcribing agency BD-JhCC
082 ## - DEWEY DECIMAL CLASSIFICATION NUMBER
Edition number 23
Classification number 051
Item number REA 2019
245 ## - TITLE STATEMENT
Title Asia Reader's Digest /
Statement of responsibility, etc. Louise Waterson ed.
260 ## - PUBLICATION, DISTRIBUTION, ETC.
Place of publication, distribution, etc. Singapore :
Name of publisher, distributor, etc. Reader's Digest,
300 ## - PHYSICAL DESCRIPTION
Extent Vol. 117, No. 682;
310 ## - CURRENT PUBLICATION FREQUENCY
Current publication frequency Monthly
362 ## - DATES OF PUBLICATION AND/OR SEQUENTIAL DESIGNATION
Dates of publication and/or sequential designation January 2020
650 ## - SUBJECT ADDED ENTRY--TOPICAL TERM
Topical term or geographic name entry element Time-Magazine
700 ## - ADDED ENTRY--PERSONAL NAME
Personal name Waterson, Louise
942 ## - ADDED ENTRY ELEMENTS (KOHA)
Source of classification or shelving scheme Dewey Decimal Classification
Koha item type Continuing Resources
Serial record 1
Koha issues (borrowed), all copies 4
Holdings
Withdrawn status Lost status Source of classification or shelving scheme Damaged status Not for loan Home library Current library Shelving location Date acquired Serial Enumeration / chronology Total Checkouts Full call number Barcode Date last seen Date last checked out Price effective from Koha item type
    Dewey Decimal Classification     JCC Rouf Library JCC Rouf Library Reference 01/05/2020 Vol. 117, No. 01 2 051 REA 2020 M1001 10/03/2021 01/25/2020 01/05/2020 Continuing Resources

JCC Library | Contacts | JCC Home

Last Update on 23 September 2017
Copyright @ 2017-2020 JCC Rouf Library
Rouf Library, Jhenidah Cadet College (JCC), Bangladesh